00707nam a2200205Ia 4500952013300000999001700133003000400150005001700154008004100171020001500212040000900227082001800236100002800254245006500282250001200347260004200359300000900401650004800410942004300458 00102ddc40708LEXIaMESbMEScLEXICONd2019-02-20g18.00l0o330.03 HAN/Dp14038r2019-02-20 00:00:00w2019-02-20yREFzU18R1 c35515d35515OSt20201218123553.0190216s9999||||xx |||||||||||||| ||und|| a0712104461 coclc a330.03bHAN/D1 aHanson, John Lloyd9690 0a A Dictionary Of Economics And Commerce /cJohn Lloyd Hanson a5th Ed. bMacdonald And Evans,c1969.aEngland: a474p aSahithyam-Dictionary Of Commerc & Economics cREF2ddch330.03iHAN/Dk330.03mHAN/D